Indonesia : aroyage throngh the archipelago
| Format: | Book |
|---|---|
| Published: |
France :
Nillet Weldon Dwen ,
1990
|
| Subjects: |
MARC
| LEADER | 00000cam a2200000 7i4500 | ||
|---|---|---|---|
| 001 | 0000004249 | ||
| 002 | 000004566 | ||
| 005 | 20000330.0 | ||
| 020 | |a 2878680030 | ||
| 090 | 0 | 0 | |a 915.9804 |b IND |
| 245 | 0 | 0 | |a Indonesia : |b aroyage throngh the archipelago |
| 260 | |a France : |b Nillet Weldon Dwen , |c 1990 | ||
| 300 | |a 253 : |b Pic ; |c 34cm. | ||
| 650 | 0 | 0 | |a Javanese |
| 651 | 0 | |a Indonesia |x Description and travel | |
| 999 | |a 031390 |b BUKU |c RUJUKAN |e PERPUSTAKAAN KOMUNITI PETALING JAYA | ||